| 000 | 00667nam a22001937a 4500 | ||
|---|---|---|---|
| 005 | 20140411145012.0 | ||
| 010 | _aENG-109343 | ||
| 020 |
_a9788172736347 _c725.00 |
||
| 035 | _aEN-92876 | ||
| 037 | _bDBAD/PUB | ||
| 082 | _a658.3045 | ||
| 100 | _aFrancis, Abraham P. | ||
| 245 |
_aEmployee assistance programme in industrial organisations : _cby Abraham P. Francis _bsocial work concepts and practices / |
||
| 260 |
_a Delhi _bAuthorspress _c2012 |
||
| 270 |
_aE-35/103, Jawahar Park Laxmi Nagar _b Delhi _e110092 |
||
| 300 |
_avii,268p. _c22cm(Hb) |
||
| 500 | _aIncludes bibliographical references and index | ||
| 942 |
_2ddc _cEN _mFRA _h658.3045 |
||
| 999 |
_c82606 _d82606 |
||